00377nam a2200181Ia 4500003000900000008004100009040001300050040001300063041000800076100001700084245003700101250001100138260000800149260000900157300000800166490001300174490000800187IT-RoPAU120407s9999 xx 000 0 und d aIT-RoPAU cIT-RoPAU aita aEdward Hyams aGli astri non vollero. Romanzo aTorino aSas c1958 c cm aUniversa v131